00514pab a2200169 454500008004000000100001900040245005700059260000900116300001300125362001100138650001900149773003400168908000600202909001100208999001900219952010600238180718b2014 xxu||||| |||| 00| 0 eng d aThapar, Romila aTo question or not to question? That is the question c2014 ap.33-39. a13 Dec aIntelligentsia aEconomic and Political Weekly aN a106445 c106440d106440 00104070aIIPAbIIPAd2018-07-19hVolume no: 49, Issue no: 50pAR106905r2018-07-19w2018-07-19yAR